|
|
|
|
| LEADER |
00000cam a22000004a 4500 |
| 001 |
musev2_56550 |
| 003 |
MdBmJHUP |
| 005 |
20230905045812.0 |
| 006 |
m o d |
| 007 |
cr||||||||nn|n |
| 008 |
171102s2018 inu o 00 0 eng d |
| 010 |
|
|
|z 2017053049
|
| 020 |
|
|
|a 9780253032270
|
| 020 |
|
|
|z 9780253032263
|
| 035 |
|
|
|a (OCoLC)1008591073
|
| 040 |
|
|
|a MdBmJHUP
|c MdBmJHUP
|
| 100 |
1 |
|
|a MacDowell, Marsha,
|e author.
|
| 245 |
1 |
0 |
|a Quilts and Health /
|c Marsha MacDowell, Clare Luz, and Beth Donaldson.
|
| 264 |
|
1 |
|a Bloomington, Indiana :
|b Indiana University Press,
|c 2018.
|
| 264 |
|
3 |
|a Baltimore, Md. :
|b Project MUSE,
|c 2017
|
| 264 |
|
4 |
|c ©2018.
|
| 300 |
|
|
|a 1 online resource (240 pages).
|
| 336 |
|
|
|a text
|b txt
|2 rdacontent
|
| 337 |
|
|
|a computer
|b c
|2 rdamedia
|
| 338 |
|
|
|a online resource
|b cr
|2 rdacarrier
|
| 505 |
0 |
|
|a Evidence of the impact of quilts and quiltmaking on health and health-care outcomes -- The art of health-related quiltmaking -- Individual experiences of health and well-being through quiltmaking -- Public and collective quiltmaking for health and well-being -- Quilts in healing environments and clinical care.
|
| 588 |
|
|
|a Description based on print version record.
|
| 650 |
|
7 |
|a Quilts
|x Themes, motives.
|2 fast
|0 (OCoLC)fst01085821
|
| 650 |
|
7 |
|a ART
|x Subjects & Themes
|x General.
|2 bisacsh
|
| 650 |
|
7 |
|a DESIGN
|x Textile & Costume.
|2 bisacsh
|
| 650 |
|
0 |
|a Quilts
|x Themes, motives.
|
| 650 |
|
0 |
|a Quilting
|x Therapeutic use.
|
| 655 |
|
7 |
|a Electronic books.
|2 local
|
| 700 |
1 |
|
|a Donaldson, Beth,
|d 1957-
|e author.
|
| 700 |
1 |
|
|a Luz, Clare,
|e author.
|
| 710 |
2 |
|
|a Project Muse.
|e distributor
|
| 830 |
|
0 |
|a Book collections on Project MUSE.
|
| 856 |
4 |
0 |
|z Texto completo
|u https://projectmuse.uam.elogim.com/book/56550/
|
| 945 |
|
|
|a Project MUSE - Custom Collection
|
| 945 |
|
|
|a Project MUSE - 2017 Complete
|
| 945 |
|
|
|a Project MUSE - 2017 Archaeology and Anthropology
|